ბათუმის შოთა რუსთაველის სახელმწიფო უნივერსიტეტის ბიბლიოთეკა

უიანა–ბუიანა (ბიბ.ჩანაწერი № 42865)

000 -LEADER
fixed length control field 00914nam a2200229Ia 4500
001 - CONTROL NUMBER
control field 9573
003 - CONTROL NUMBER IDENTIFIER
control field GE_BSU
008 - FIXED-LENGTH DATA ELEMENTS--GENERAL INFORMATION
fixed length control field 181216s||||||||xx |||||||||||||| ||und||
040 ## - CATALOGING SOURCE
Transcribing agency GE_BSU
080 ## - UNIVERSAL DECIMAL CLASSIFICATION NUMBER
Universal Decimal Classification number 821.353.1–32+821.353.1-2+392(=353.1)
100 ## - MAIN ENTRY--PERSONAL NAME
Personal name მჭედლიშვილი,იოსებ
245 ## - TITLE STATEMENT
Title უიანა–ბუიანა
245 ## - TITLE STATEMENT
Remainder of title მოთხრობები,პიესები,ეთნოგრ.წერილები
245 ## - TITLE STATEMENT
Statement of responsibility, etc. რედ.ლ.ფოფხაძე,,მხატვ.ლ.გუდიაშვილი
260 ## - PUBLICATION, DISTRIBUTION, ETC.
Place of publication, distribution, etc. თბილისი
260 ## - PUBLICATION, DISTRIBUTION, ETC.
Name of publisher, distributor, etc. საბჭოთა საქართველო
260 ## - PUBLICATION, DISTRIBUTION, ETC.
Date of publication, distribution, etc. 1966
300 ## - PHYSICAL DESCRIPTION
Extent 431გვ.ილ.21სმ.
653 ## - INDEX TERM--UNCONTROLLED
Uncontrolled term მოთხრობები,პიესები,ეთნოგრ.წერილები
653 ## - INDEX TERM--UNCONTROLLED
Uncontrolled term უიანა–ბუიანა
942 ## - ADDED ENTRY ELEMENTS (KOHA)
Koha item type წიგნი
ეგზემპლარები
Withdrawn status Lost status Damaged status Not for loan Date acquired Barcode Date last seen Price effective from Koha item type Public note
        2018-12-17 32640 2018-12-17 2018-12-17 წიგნი  
        2018-12-17 32641 2018-12-17 2018-12-17 წიგნი  
        2018-12-17 41452 2018-12-17 2018-12-17 წიგნი აგრარული ტექ.ფაკ.
        2018-12-17 41453 2018-12-17 2018-12-17 წიგნი აგრარული ტექ.ფაკ.
        2018-12-17 41454 2018-12-17 2018-12-17 წიგნი აგრარული ტექ.ფაკ.
        2018-12-17 41455 2018-12-17 2018-12-17 წიგნი აგრარული ტექ.ფაკ.